000 00621cam a2200217ua 4500
005 20231011123608.0
008 190402n ii |||gr||||Z||||||asm
020 _a9788186385111
040 _cMAIN
_aIN-DiNC
041 _dasm
082 _a491
_bADH
245 _aAdhunik Bharatiya Arya bhasha
_ced. by Dipti Phukan Patgiri
250 _a1st ed.
260 _aGuwahati:
_bAssam publishing company,
_c2014.
300 _a199p.
650 _aModern Indian Arya language
653 _aEast Indo-European & Celtic languages
653 _aAssamese language
700 _aPatgiri, Dipti Phukan
_eEditor
942 _cBK
_2ddc
999 _c9734
_d9734